| 000 | 01653nam1a2200277 i 4500 | ||
|---|---|---|---|
| 001 | RU\NLR\BIBL_A\011799192 | ||
| 005 | 20240921162319.0 | ||
| 010 | _a9785747308763 | ||
| 035 | _a(NLR Aleph) 011799192 | ||
| 090 |
_a11863014 _c11863014 |
||
| 100 | _a20180913g20189999u y0rusy50 ca | ||
| 101 | 0 | _arus | |
| 102 | _aRU | ||
| 105 | _a j | ||
| 200 | 1 |
_aНадежность ограждающих конструкций _eучебное пособие _e[по направлению Строительство, профиль Промышленное и гражданское строительство] _fА.М. Белозерский, С.С. Боков _gМинисткрство транспорта Российской Федерации, Федеральное государственное бюджетное образовательное учреждение высшего образования "Российский университет транспорта (МИИТ)" |
|
| 210 |
_aМосква _cРоссийский университет транспорта (МИИТ) _d2018 |
||
| 215 | _d21 | ||
| 606 | 1 |
_aЗдания _jУчебные издания для высших учебных заведений _xОграждающие конструкции _xНадежность _92381245 _3RU\NLR\AUTH\6601641645 |
|
| 686 | 1 | _aН42-021.1я73-1 | |
| 700 | 1 |
_aБелозерский _bА. М. _gАлександр Моисеевич |
|
| 701 | 1 |
_aБоков _bС. С. _gСергей Сергеевич |
|
| 852 |
_aNLR _j2018-4/7514 |
||
| 942 | _cBOOK | ||
| 980 | _aNBR | ||